00463nam a2200181Ia 4500008004100000020001800041050001400059100001800073245004400091245005200135260001500187260001600202260000900218300001600227300002000243300001000263500000800273170918s9999 xx 000 0 und d a9780590353427 bR884 1997 aRowling, J.K. aHarry Potter and the sorcerer's stone / cby J.K. Rowling ; illustrated by Mary Grandpre. aNew York : bScholastic, c1997 a309 pages : billustrations ; c19cm. a880